Využívanie poradenstva na Slovensku - výsledky prieskumu

Uložené v:
Podrobná bibliografia
Hlavný autor: Vokounová, Dana, 1962-
Médium: Kapitola
Jazyk:Slovak
Tagy: Pridať tag
Žiadne tagy, Buďte prvý, kto otaguje tento záznam!

MARC

LEADER 00000naa$a2200000$$$4500
001 0065136
005 20240502071752.9
041 0 |a slo 
044 |a SK 
245 1 0 |a Využívanie poradenstva na Slovensku - výsledky prieskumu  |c Dana Vokounová 
100 1 |a Vokounová, Dana, 1962-